000 01012nam a2200301 i 4500
003 EG-GICUC
005 20260121101526.0
008 251220s1930 fr ||||fr|||| 000 0 fre d
040 _aEG-GiCUC
_bfre
_cEG-GiCUC
_dEG-GiCUC
_eRda
041 _afre
082 0 4 _221
_a341.83
_bMO . E
092 0 4 _221
099 _aLaw1 12 341.83 MO . E 1930
100 0 _aMourad Kamel
_eAuteur
245 1 0 _aÉtude Générale Sur La Condition Des Étrangers en Égypte /
_cpar Mourad Kamel Bey.
264 1 _aParis :
_bpar Mourad Kamel Bey،
_c1930.
300 _a87 Pages ;
_c24 cm .
_billustration ;
336 _2rda contenu
_a texte
337 _2rda medias
_aOrdinateur
338 _2 transporteur rda
_a Ressource en ligne
504 _aBibliography: 1 l. following p. 87.
546 _aTexte en français
650 1 _aÉtrangers
_xDroit international privé
_zÉgypte
_2qrmak
651 1 _2qrmak
856 4 0 _uhttps://fll.law.cu.edu.eg/fulltext/bks/B12-01661.pdf
905 _a75
_eYara
942 _2ddc
_n0
_cBK
_e21
999 _c51788
_d51788